Francia y la Convención de Ginebra (Record no. 150112)

MARC details
000 -LEADER
campo de control de longitud fija 00502nam a2200145 i 4500
001 - NÚMERO DE CONTROL
campo de control 150112
003 - IDENTIFICADOR DE NÚMERO DE CONTROL
campo de control ES-MaACL
005 - FECHA Y HORA DE LA ÚLTIMA TRANSACCIÓN
campo de control 20230906203400.0
007 - CAMPO FIJO DE DESCRIPCIÓN FÍSICA--INFORMACIÓN GENERAL
campo de control de longitud fija t|
008 - DATOS DE LONGITUD FIJA--INFORMACIÓN GENERAL
campo de control de longitud fija 071026s1920 ag ||||1| spa d
100 1# - ENTRADA PRINCIPAL--NOMBRE DE PERSONA
Nombre de persona Vanderoog, Jan.
9 (RLIN) 113065
245 10 - MENCIÓN DEL TÍTULO
Título Francia y la Convención de Ginebra
Resto del título : contribución a la historia de la civilización francesa : extractada de documentos oficiales alemanes /
Mención de responsabilidad, etc. por Jan Vanderoog.
260 ## - PUBLICACIÓN, DISTRIBUCIÓN, ETC.
Lugar de publicación, distribución, etc. Buenos Aires :
Nombre del editor, distribuidor, etc. Germania,
Fecha de publicación, distribución, etc. 1920.
852 ## - LOCALIZACIÓN
Ubicación ES-MaACL
Número de control de estantería 1604-F-11
Holdings
Estatus retirado Estado de pérdida Estado de daño No para préstamo Colección Biblioteca de origen Biblioteca actual Ubicación en estantería Fecha de adquisición Fuente de adquisición Total de préstamos Signatura topográfica completa Código de barras Visto por última vez Precio de reemplazo Tipo de ítem Koha
        Colección de folletos Biblioteca del Ateneo de Madrid Biblioteca del Ateneo de Madrid Depósito folletos 17/01/2008     1604-F-11 1156642 23/02/2023 23/02/2023 Folleto